000
00328nam a22001337a 4500
008
190201b xxu||||| |||| 00| 0 eng d
020
_a
2900470290759
041
_a
eng
080
_a
621
100
_a
27
101
_a
MEK
245
_a
Principles of Highway Engineering and Traffic Analysis
_c
Mannering, F.L
942
_2
udc
_c
BK
999
_c
53903
_d
53903